[Event "Gilbert Cup"]
[Site "Dublin"]
[Date "2019.07.22"]
[Round "2"]
[White "Mihaylova, Aliona"]
[Black "Monteny, Pascalle"]
[Result "1-0"]
[WhiteElo "1575"]
[BlackElo "1535"]
[PlyCount "135"]
[EventDate "2019.07.22"]
[EventType "team-tourn"]
[EventRounds "5"]
[EventCountry "IRL"]
[SourceTitle "CBM 191 Extra"]
[Source "ChessBase"]
[SourceDate "2019.09.30"]
[SourceVersion "1"]
[SourceVersionDate "2019.09.30"]
[SourceQuality "1"]
[WhiteTeam "Ireland"]
[BlackTeam "Netherlands"]
[WhiteTeamCountry "IRL"]
[BlackTeamCountry "NED"]

1. d4 d5 2. Nf3 Nf6 3. c4 c6 4. Nc3 e6 5. e3 Nbd7 6. Qc2 Be7 7. Bd3 0-0 8. 0-0 dxc4 9. Bxc4 b5 10. Bd3 Bb7 11. a3 a5 12. Rb1 b4 13. Ne4 Qb6 14. axb4 axb4 15. Nxf6+ Nxf6 16. e4 b3 17. Qe2 Ba6 18. Be3 Bxd3 19. Qxd3 Ng4 20. Nd2 Nxe3 21. fxe3 Rab8 22. Rbc1 Rfd8 23. Nc4 Qb5 24. Ne5 Qxd3 25. Nxd3 Rdc8 26. Ne5 c5 27. d5 exd5 28. exd5 f6 29. Nc6 Rb7 30. Rc3 Bd6 31. Na5 Ra7 32. Nxb3 Ra2 33. Rc2 c4 34. Rfc1 Ra4 35. Nd2 Ra5 36. e4 Bc5+ 37. Kf1 Be3 38. Re1 Bxd2 39. Rxd2 Rd8 40. g4 Kf7 41. Rc1 Ra4 42. Ke2 Rb4 43. Rdc2 Kg6 44. Rxc4 Rxb2+ 45. R1c2 Rb3 46. R4c3 Rb4 47. Kf3 Kg5 48. Re2 Rd4 49. Rc7 Kh6 50. Re3 g5 51. Rc6 Kg7 52. Rcc3 Kg6 53. Rcd3 Rb4 54. e5 fxe5 55. Rxe5 Rf4+ 56. Kg3 Kf6 57. Rxg5 Kxg5 58. h4+ Kf6 59. Kxf4 h6 60. Ke4 Rd6 61. Rf3+ Kg6 62. Ke5 Rd8 63. Rf6+ Kg7 64. h5 Re8+ 65. Re6 Rd8 66. d6 Rd7 67. Rg6+ Kh7 68. Ke6 1-0